marvel guess the character - Statistics

General Stats
  • This quiz has been taken 71 times
  • The average score is 16 of 17
Answer Stats
Picture Answer % Correct
spiderman
100%
captain america
99%
dr strange
99%
groot
99%
hulk
99%
ironman
99%
blackpanther
97%
black widow
97%
hawkeye
97%
thor
97%
rocket raccoon
96%
starlord
96%
antman
94%
gamora
94%
scarlet witch
91%
quicksilver
87%
drax
86%
No matching quizzes found
Score Distribution
Percent of People with Each Score
Percentile by Number Answered
Your Score History
You have not taken this quiz